Strategic Intelligence : Business Intelligence, Competitive Intelligence, and Knowledge Management /

Zapisane w:
Opis bibliograficzny
1. autor: Liebowitz, Jay (autor)
Format: Książka
Język:angielski
Wydane: Boca Ratón, EUA : Auerbach, 2006, c2006
Hasła przedmiotowe:
Etykiety: Dodaj etykietę
Nie ma etykietki, Dołącz pierwszą etykiete!

MARC

LEADER 00000nam^a2200000^a^4500
001 000195888
005 20250521000000.0
009 20260310102807.285
020 |a 0-8493-9868-1 
037 |a Acervo ITESO - Biblioteca 
041 |a ING 
082 |a 658. 4012  |b LIE 
100 |a Liebowitz, Jay  |e (autor) 
245 1 0 |a Strategic Intelligence :  |b Business Intelligence, Competitive Intelligence, and Knowledge Management /  |c J. Liebowitz. 
264 4 |a Boca Ratón, EUA :  |b Auerbach,  |c 2006, c2006 
300 |a XVIII, 223 p. 
336 |a texto  |b txt  |2 rdacontenido 
337 |a sin mediación  |b n  |2 rdamedio 
338 |a volumen  |b nc  |2 rdasoporte 
649 |a XX 
650 |a Planeación Estratégica -  |x Tema Principal 
650 |a Estrategia en los Negocios -  |x Tema Principal 
650 |a Conocimiento -  |x Administración 
650 |a Cambio Organizacional 
650 |a Proceso Administrativo -  |x Dirección 
650 |a Empresas -  |x Administración 
650 |a Administración 
650 |a Ciencias Administrativas 
910 |a Fondo General 
920 |a Impresos - Libros 
930 |a Colección General 
905 |a 101 
901 |a 0500142085  |b IT1  |c ACC  |u 20250521 
902 |a https://opac.biblio.iteso.mx/vufind/Record/000195888